01190nam a2200301Ia 4500001001200000003000800012006001900020007001500039008004100054010001700095020002600112040002100138035002100159050002400180082001700204100002400221245011700245260004800362300001600410504005100426533015200477650004900629650002100678655002900699710001700728856012600745999001700871ebr10330170CaPaEBRm u cr cn|||||||||081114s2009 nju sb 001 0 eng d z 2008049904 z9780470474266 (cloth) aCaPaEBRcCaPaEBR a(OCoLC)46343091114aR856.4b.A23 2009eb04a610.28/42221 aAbdel-aleem, Salah.10aDesign, execution, and management of medical device clinical trialsh[electronic resource] /cSalah Abdel-aleem. aHoboken, N.J. :bJohn Wiley & Sons,cc2009. axxi, 272 p. aIncludes bibliographical references and index. aElectronic reproduction.bPalo Alto, Calif. :cebrary,d2009.nAvailable via World Wide Web.nAccess may be limited to ebrary affiliated libraries. 0aMedical instruments and apparatusxResearch. 0aClinical trials. 7aElectronic books.2local2 aebrary, Inc.40uhttp://site.ebrary.com/lib/rucke/Doc?id=10330170zAn electronic book accessible through the World Wide Web; click to view c50671d50671